000 01234nam a2200229Ia 4500
999 _c37497
_d37497
001 3459
003 GE_BSU
005 20190621144950.0
008 181216s2009||||ge |||||||||||||| ||geo||
020 _a19878400
040 _cGE_BSU
041 _ageo
080 _a378(061) ბ–17
245 _aბათუმის ll სკოლა–სემინარი "ბიომედიცინის აქტუალური პრობლემები'' = Actual problems of biomedicine Batumi ll Workshop. Collection of Works.
_bშრომათა კრებული
264 _aბათუმი :
_bშოთა რუსთაველის სახ. უნ–ტი,
_c2009.
300 _a219 გვ.;
_b20 სმ.
653 _aშრომათა კრებული
653 _aბიომედიცინა
710 _aივანე ჯავახიშვილის სახ. თბილისის სახ. უნ–ტი
_92725
710 _aბათუმის შოთა რუსთაველის სახ. უტ–ტი
_bსაბუნებისმეტყველო და მედიცინის ფაკ.–ტი
_92726
942 _cBK
_2udc